Responses for Show #2518 - Wednesday, July 12, 1995

1995-A Seniors Tournament quarterfinal game 3.

Contestants

[<< previous game]

Elliot Shteir, an attorney from Somerville, New Jersey

Fran Rothman, a psychiatrist from Philadelphia, Pennsylvania

Anne Farrell, a homemaker from Binghamton, New York

[next game >>]

Jeopardy! Round responses

THE BIBLE
CIRCUS HISTORY
GERMAN CUISINE
NOTABLE WOMEN
MUSEUMS
CROSSWORD CLUES "K"
    $100 2
wine

Fran
    $100 26
Bailey

Fran
    $100 8
egg salad

Anne
    $100 16
Billie Holiday

Elliot
    $100 21
Los Angeles County

Anne
    $100 1
keg

Elliot
    $200 3
Jericho

Anne
    $200 27
the Ringlings

Elliot
    $200 9
apples

Anne
    $200 17
Elizabeth Dole

Anne
    $200 22
(Fran: What is Windsor?)

Buckingham

FranElliot
    $200 4
knead

Fran
    $300 5
Judas

Fran
    $300 28
the Wallendas

Fran
    $300 10
(Anne: What is beef?)

pork

AnneFran
    $300 18
AIDS

Anne
    $300 23
the Prado

Fran
    $300 13
Khrushchev

Fran
    $400 6
the Ark of the Covenant

Fran
    $400 29
Jules LĂ©otard

Triple Stumper
    $400 12
potatoes

Elliot
    $700 19
Iceland

Anne
    $400 24
(Anne: What is Copenhagen?)

Amsterdam

AnneFran
    $400 14
Kalamazoo

Fran
    $500 7
Solomon

Fran
    $500 30
Clyde Beatty

Elliot
    $500 11
lemon

Fran
    $500 20
[NOTE: Neither host nor player added, "von" to the response.]

Maria (von) Trapp

Fran
    $500 25
(Anne: Uh, what is North Carolina?)

Delaware

AnneFran
    $500 15
knee jerk

Fran

Scores at the first commercial break (after clue 15):

Anne Fran Elliot
$200 $3,500 $500

Scores at the end of the Jeopardy! Round:

Anne Fran Elliot
$600 $5,400 $1,500

Double Jeopardy! Round responses

WORLD GEOGRAPHY
ANATOMY
HOLIDAYS & OBSERVANCES
THE CIVIL WAR
AUTHORS
HUMPHREY BOGART FILMS
    $200 9
Asia

Fran
    $200 13
the brain

Anne
    $200 14
a pumpkin

Fran
    $200 2
Fort Sumter

Anne
    $200 7
Mark Twain

Fran
    $200 1
The African Queen

Elliot
    $400 16
Mexico

Fran
    $400 15
the alimentary canal

Anne
    $400 21
Massachusetts

Elliot
    $400 27
Virginia

Elliot
    $400 8
Gertrude Stein

Elliot
    $400 3
The Maltese Falcon

Fran
    $600 18
Winnipeg

Anne
    $600 17
the diaphragm

Elliot
    $600 25
(Anne: Who is Duke Ellington?)

Glenn Miller

AnneElliot
    $600 28
Gettysburg

Elliot
    $600 10
The Detroit Free Press

Anne
    $600 4
(Anne: What is The Treasure of Sierra Madre and... [**]?)
(Alex: We'll take it; it's [*]... Our judges are being very lenient today.)

The Treasure of the Sierra Madre & High Sierra

Anne
    $800 19
(Fran: What is, uh, Malaya?)

Malaysia

AnneFran
    $2,000 22
(Alex: We've got a minute to go in the round.)

the femoral artery

Elliot
    $800 24
Bastille Day

Elliot
    $800 29
Vicksburg

Elliot
    $800 11
Kipling

Anne
    $800 5
(Fran: What is... The Long Goodbye?)

The Big Sleep

Fran
Triple Stumper
    $1,000 20
the Orinoco

Anne
    $1000 23
the fibula

Fran
    $1000 26
the Mummers Parade

Anne
    $1000 30
Grant

Fran
    $1000 12
Colette

Fran
    $1000 6
Sabrina

Anne

Scores at the end of the Double Jeopardy! Round:

Anne Fran Elliot
$7,200 $8,200 $8,300

Final Jeopardy! Round responses

CAMPAIGN SONGS
AnneWhat is I'm Just Wild About Harry?
$2,800
FranWhat is "I Like Ike"?
$3,000
ElliotWhat is I'm Just Wild about Harry?
$4,000
"I'm Just Wild About Harry"

Final scores:

Anne Fran Elliot
$10,000 $5,200 $12,300
2nd place: $1,000 if eliminated 3rd place: $1,000 if eliminated Automatic semifinalist

Game dynamics:

Coryat scores:

Anne Fran Elliot
$6,900 $8,200 $7,100
18 R
(including 2 DDs),
4 W
24 R,
3 W
16 R
(including 1 DD),
0 W

Combined Coryat: $22,200

[game clues] [game scores] [suggest correction]

Game tape date: 1995-02-27
The J! Archive is created by fans, for fans. Scraping, republication, monetization, and malicious use prohibited; this site may use cookies and collect identifying information. See terms. The Jeopardy! game show and all elements thereof, including but not limited to copyright and trademark thereto, are the property of Jeopardy Productions, Inc. and are protected under law. This website is not affiliated with, sponsored by, or operated by Jeopardy Productions, Inc. Join the discussion at JBoard.tv.